00385nam a2200121Ia 4500001000800000005001700008008004100025020001800066245005100084260001800135999002100153952008900174128742920260417164416.0260417s9999 xx 000 0 und d a9786256030695 0aMimar Sinan – Mimari Deha Üstad Koca Sinan bDokuz Çocuk c1287429d1287429 00104070a1105b1105d2026-04-17l0p11051047r2026-04-17 16:44:16w2026-04-17yBK